[Event "Elit(Wasa-Eksjo)"]
[Site "?"]
[Date "2023.03.11"]
[Round "8"]
[White "Berg, Emanuel"]
[Black "Danchevski, Orce"]
[Result "1-0"]
[WhiteElo "2506"]
[BlackElo "2336"]
[PlyCount "85"]
[SourceVersionDate "2023.03.22"]

1. e4 c5 2. Nf3 d6 3. d4 Nf6 4. Nc3 cxd4 5. Nxd4 Nc6 6. Bg5 e6 7. Qd2 a6 8.
O-O-O Bd7 9. f3 h6 10. Be3 Nxd4 11. Qxd4 e5 12. Qd2 Be6 13. g4 Rc8 14. Kb1 Qa5
15. Nd5 Qxd2 16. Nxf6+ Ke7 17. Rxd2 Kxf6 18. h4 g6 19. Be2 Kg7 20. f4 Be7 21.
f5 Bd7 22. h5 Bc6 23. Bf3 Bg5 24. Bxg5 hxg5 25. Rxd6 gxf5 26. gxf5 Rh6 27. f6+
Kh8 28. Bg4 Rg8 29. Re1 Rf8 30. c4 Kg8 31. Kc2 Rh8 32. Kd3 Kh7 33. h6 Rhg8 34.
Bf5+ Rg6 35. Rg1 Rfg8 36. Ke3 g4 37. Rxg4 Kxh6 38. Bxg6 Rxg6 39. Rxg6+ Kxg6 40.
b3 Kg5 41. a4 Kg6 42. a5 Kg5 43. b4 1-0

[Event "Elit(Farsta-Limhamn)"]
[Site "?"]
[Date "2023.03.11"]
[Round "8"]
[White "Livner, Anders"]
[Black "Brynell, Stellan"]
[Result "1/2-1/2"]
[WhiteElo "2356"]
[BlackElo "2393"]
[PlyCount "56"]
[SourceVersionDate "2023.03.26"]

1. Nf3 d5 2. g3 Nf6 3. Bg2 c6 4. c4 g6 5. b3 Bg7 6. Bb2 O-O 7. O-O a5 8. Qc2
Na6 9. a3 Bf5 10. d3 Qc8 11. Re1 Bh3 12. Bh1 h6 13. Nbd2 Nc7 14. b4 Ne6 15. Be5
Ng4 16. Bxg7 Nxg7 17. Qb2 axb4 18. axb4 Qf5 19. e4 dxe4 20. Nxe4 Ne6 21. d4 g5
22. Nc5 Rxa1 23. Rxa1 Nxc5 24. bxc5 Rd8 25. Bg2 Bxg2 26. Kxg2 Nf6 27. h3 Rd7
28. Re1 Qd3 1/2-1/2

[Event "Elit(Wasa-Eksjo)"]
[Site "?"]
[Date "2023.03.11"]
[Round "8"]
[White "Krantz, Christopher"]
[Black "Meshkovs, Nikita"]
[Result "1/2-1/2"]
[WhiteElo "2241"]
[BlackElo "2576"]
[PlyCount "99"]
[SourceVersionDate "2023.03.22"]

1. d4 Nf6 2. Nf3 e6 3. Bf4 c5 4. e3 Nc6 5. c3 d5 6. Nbd2 Nh5 7. Bg5 Qb6 8. dxc5
Bxc5 9. b4 Bf8 10. b5 Na5 11. Bd3 h6 12. Bh4 Bd6 13. O-O g5 14. Nd4 Ng7 15. Bg3
e5 16. N4b3 O-O 17. e4 Nxb3 18. axb3 dxe4 19. Nc4 Qxb5 20. Nxd6 Qxd3 21. Bxe5
f6 22. Bd4 Rd8 23. Nxc8 Raxc8 24. Bxf6 Qxd1 25. Rfxd1 Rxd1+ 26. Rxd1 Ne6 27.
Rd7 Nc5 28. Rg7+ Kf8 29. b4 Na4 30. Rxb7 Nxc3 31. h3 Ne2+ 32. Kh2 Rc6 33. Be7+
Kg8 34. Rxa7 Nf4 35. Bc5 Nd3 36. Re7 Nxc5 37. bxc5 Rxc5 38. Rxe4 Kg7 39. Re6
Rc3 40. Re3 Rc6 41. Kg3 Kg6 42. h4 Kh5 43. hxg5 hxg5 44. f3 Kg6 45. Kg4 Ra6 46.
Re5 Ra4+ 47. Re4 Ra6 48. Re5 Ra4+ 49. Re4 Ra6 50. Re5 1/2-1/2

[Event "Elit(Vasteras-LASK)"]
[Site "?"]
[Date "2023.03.11"]
[Round "8"]
[White "Pantzar, Milton"]
[Black "Norberg, Johan"]
[Result "1/2-1/2"]
[WhiteElo "2471"]
[BlackElo "2279"]
[PlyCount "132"]
[SourceVersionDate "2023.03.23"]

1. d4 d6 2. e4 Nf6 3. f3 c5 4. dxc5 Qa5+ 5. Nc3 Qxc5 6. Qd3 Nc6 7. Be3 Qa5 8.
Qb5 Qd8 9. O-O-O a6 10. Qb6 Qxb6 11. Bxb6 g6 12. Be3 Bg7 13. Nge2 O-O 14. Nf4
b5 15. h4 Bb7 16. g4 Nd7 17. h5 Rac8 18. Be2 Nb4 19. hxg6 hxg6 20. Kb1 Nxc2 21.
Kxc2 b4 22. Nfd5 Bxd5 23. Rxd5 bxc3 24. b4 Rc6 25. a4 Nb6 26. Ra5 Nc4 27. Bxc4
Rxc4 28. Rb1 Rb8 29. b5 axb5 30. axb5 f5 31. gxf5 gxf5 32. b6 fxe4 33. b7 Kf7
34. Ba7 Rh8 35. b8=Q Rxb8 36. Rxb8 exf3 37. Rf5+ Ke6 38. Rxf3 Ra4 39. Be3 Ra2+
40. Kd3 Kd5 41. Rf5+ Ke6 42. Rf2 Ra1 43. Re2 Kd5 44. Rb5+ Kc6 45. Rg5 Bf6 46.
Rf5 Be5 47. Rg5 Rd1+ 48. Kc2 Ra1 49. Rg1 Ra4 50. Bg5 Bd4 51. Rge1 e5 52. Be3
Kc5 53. Bxd4+ exd4 54. Kd3 Ra8 55. Re8 Ra2 56. Rc8+ Kd5 57. Re2 Ra1 58. Rh2
Rd1+ 59. Kc2 Re1 60. Rh5+ Re5 61. Rch8 Kc4 62. Rxe5 d3+ 63. Kd1 dxe5 64. Rh4+
Kd5 65. Rg4 e4 66. Rh4 Kd4 1/2-1/2

[Event "Elit(Farsta-Limhamn)"]
[Site "?"]
[Date "2023.03.11"]
[Round "8"]
[White "Jepson, Christian"]
[Black "Jaderberg, Bjorn"]
[Result "1/2-1/2"]
[WhiteElo "2388"]
[BlackElo "2136"]
[PlyCount "80"]
[SourceVersionDate "2023.03.26"]

1. d4 d6 2. Nf3 Nf6 3. c4 Nbd7 4. Nc3 e5 5. e4 Be7 6. Be2 O-O 7. O-O c6 8. Re1
a6 9. Bf1 Qc7 10. d5 cxd5 11. cxd5 b5 12. a3 Nb6 13. Bg5 h6 14. Bh4 Bg4 15. Rc1
Qd7 16. Bg3 Nh5 17. Be2 Nxg3 18. hxg3 f5 19. Nh2 Bxe2 20. Qxe2 fxe4 21. Qxe4
Rac8 22. Na2 a5 23. Nf3 Rc4 24. Rxc4 Nxc4 25. Re2 Bd8 26. a4 Nb6 27. axb5 Qxb5
28. Nc3 Qd7 29. b3 Qf7 30. Ra2 Nd7 31. b4 Nf6 32. Qc4 axb4 33. Qxb4 Nxd5 34.
Nxd5 Qxd5 35. Rd2 Qc5 36. Qxc5 dxc5 37. Nxe5 Ba5 38. Rc2 Rc8 39. Kf1 Bb4 40. f4
Ra8 1/2-1/2

[Event "Elit(Wasa-Eksjo)"]
[Site "?"]
[Date "2023.03.11"]
[Round "8"]
[White "Cramling, Pia"]
[Black "Malesevic, Nedeljko"]
[Result "1-0"]
[WhiteElo "2458"]
[BlackElo "2226"]
[PlyCount "207"]
[SourceVersionDate "2023.03.22"]

1. d4 d5 2. c4 e6 3. Nc3 Nf6 4. cxd5 exd5 5. Bg5 c6 6. e3 Be7 7. Qc2 Nbd7 8.
Bd3 Nf8 9. Nf3 g6 10. h3 Ne6 11. Bh4 Nh5 12. Bxe7 Qxe7 13. O-O-O Nf6 14. g4 Bd7
15. Kb1 b5 16. Ne5 Rc8 17. f4 b4 18. Na4 c5 19. dxc5 Nxc5 20. Rc1 b3 21. axb3
Bxa4 22. bxa4 O-O 23. Bb5 Nfe4 24. Rhe1 Qb7 25. Ka2 a6 26. Bc6 Rxc6 27. Nxc6
Qxc6 28. b4 Qxa4+ 29. Qxa4 Nxa4 30. Kb3 Nb6 31. Rc6 Rb8 32. Ra1 Nc4 33. Raxa6
Nxe3 34. Ra7 d4 35. Rd7 Nd2+ 36. Ka4 Ra8+ 37. Kb5 Rb8+ 38. Rb6 Rxb6+ 39. Kxb6
Nc2 40. b5 Nb3 41. Kc7 Nc5 42. Rd8+ Kg7 43. f5 gxf5 44. gxf5 Kf6 45. Rd5 Nb3
46. b6 Nb4 47. b7 Nxd5+ 48. Kd6 Nc3 49. b8=Q Ne4+ 50. Kd5 Nec5 51. Qh8+ Kxf5
52. Qxh7+ Kf6 53. Qh6+ Kf5 54. Qh5+ Kf4 55. Qxf7+ Kg3 56. Qh5 d3 57. Qg4+ Kf2
58. h4 Ke1 59. h5 d2 60. h6 d1=Q+ 61. Qxd1+ Kxd1 62. h7 Nd3 63. h8=Q Kc2 64.
Qh2+ Kc3 65. Qg3 Nbc5 66. Qe3 Nb3 67. Qf3 Nbc5 68. Qf6+ Kd2 69. Kc4 Ke3 70. Qf1
Kd2 71. Qh3 Ke2 72. Kc3 Ne4+ 73. Kc2 Ne1+ 74. Kb3 Nd2+ 75. Kc3 Ne4+ 76. Kd4
Nf3+ 77. Kd5 Ned2 78. Qe6+ Kf2 79. Qe7 Nf1 80. Qa7+ Ke2 81. Qa2+ N1d2 82. Qc2
Ke3 83. Qd1 Kf2 84. Ke6 Ke3 85. Kf5 Nd4+ 86. Kg4 N4f3 87. Qa4 Kf2 88. Kf4 Ke2
89. Qa3 Ne1 90. Qe3+ Kd1 91. Kg4 Nef3 92. Qa3 Ke2 93. Qc3 Kf2 94. Kf4 Ke2 95.
Qe3+ Kd1 96. Qf2 Kc2 97. Qc5+ Kd3 98. Qb5+ Kd4 99. Qb4+ Kd3 100. Qa3+ Ke2 101.
Qc3 Kf2 102. Qe3+ Kg2 103. Qe2+ Kg1 104. Kg3 1-0

[Event "Elit(Vasteras-LASK)"]
[Site "?"]
[Date "2023.03.11"]
[Round "8"]
[White "Bergstrom, Peter"]
[Black "Tikkanen, Hans"]
[Result "1/2-1/2"]
[WhiteElo "2315"]
[BlackElo "2490"]
[PlyCount "66"]
[SourceVersionDate "2023.03.23"]

1. e4 c6 2. d4 d5 3. exd5 cxd5 4. Bd3 Nc6 5. c3 Nf6 6. h3 e5 7. dxe5 Nxe5 8.
Nf3 Nxd3+ 9. Qxd3 Bd6 10. O-O O-O 11. Be3 a5 12. Nbd2 b5 13. Rfe1 b4 14. Bd4
Bf4 15. Bc5 Bd6 16. Bxd6 Qxd6 17. Qd4 Rd8 18. Rad1 bxc3 19. bxc3 Be6 20. Ng5
Bf5 21. Nc4 Qc7 22. Ne5 Bg6 23. Re3 Ne4 24. Ngf3 Rac8 25. Rc1 Nd6 26. Nxg6 hxg6
27. Rd3 Nb5 28. Qa4 Qc4 29. Qxc4 dxc4 30. Rd2 Rxd2 31. Nxd2 Na3 32. Nb1 Nxb1
33. Rxb1 Rd8 1/2-1/2

[Event "Elit(Farsta-Limhamn)"]
[Site "?"]
[Date "2023.03.11"]
[Round "8"]
[White "Ong, Kezli"]
[Black "Hector, Jonny"]
[Result "1/2-1/2"]
[WhiteElo "2299"]
[BlackElo "2446"]
[PlyCount "111"]
[SourceVersionDate "2023.03.26"]

1. e4 e5 2. Nf3 Nc6 3. Bb5 a6 4. Ba4 Bc5 5. O-O Nge7 6. c3 Ba7 7. d4 Ng6 8.
dxe5 Ncxe5 9. Nd4 O-O 10. f4 d6 11. f5 Ne7 12. f6 gxf6 13. Bh6 b5 14. Bxf8 Qxf8
15. Bc2 Qg7 16. Kh1 Kh8 17. a4 Bg4 18. Qd2 b4 19. Qf4 c5 20. Nf5 Bxf5 21. exf5
Rg8 22. g3 Qf8 23. Nd2 bxc3 24. bxc3 Nd5 25. Qe4 Nxc3 26. Qb7 Qh6 27. Nf3 Ne2
28. Kg2 Nxg3 29. hxg3 Qf4 30. Nh2 Qxg3+ 31. Kh1 Ng4 32. Qg2 Qxg2+ 33. Kxg2 Ne3+
34. Kh3 Nxc2 35. Rab1 Nb4 36. Ng4 Kg7 37. Rbd1 d5 38. Rg1 Rd8 39. Nh6+ Kxh6 40.
Rg4 Nd3 41. Rxd3 Re8 42. Rxd5 Bb8 43. Kg2 Re2+ 44. Kf3 Ra2 45. Rxc5 Ra3+ 46.
Ke2 Kh5 47. Rcc4 Be5 48. Rh4+ Kg5 49. Rxh7 Kxf5 50. Rxf7 a5 51. Rb7 Ra2+ 52.
Kd3 Ra3+ 53. Kc2 Ra2+ 54. Kd3 Ra3+ 55. Kc2 Ra2+ 56. Kd3 1/2-1/2

[Event "Elit(Wasa-Eksjo)"]
[Site "?"]
[Date "2023.03.11"]
[Round "8"]
[White "Lukez, Franko"]
[Black "Engqvist, Thomas"]
[Result "1/2-1/2"]
[WhiteElo "2264"]
[BlackElo "2345"]
[PlyCount "85"]
[SourceVersionDate "2023.03.22"]

1. Nf3 d5 2. g3 Bg4 3. Bg2 Nd7 4. O-O e5 5. d3 c6 6. c4 dxc4 7. dxc4 Bf5 8. Nc3
Ngf6 9. Nh4 Bg4 10. h3 Be6 11. b3 Qa5 12. Qc2 Bc5 13. Rd1 O-O 14. Na4 Rfd8 15.
Nxc5 Qxc5 16. Be3 Qa3 17. Rd2 Nf8 18. Rad1 Rxd2 19. Rxd2 a5 20. Nf5 Ne8 21. c5
a4 22. bxa4 f6 23. g4 Rxa4 24. Rd8 Ra8 25. Qd2 Bxa2 26. Ne7+ Kh8 27. Nxc6 Ne6
28. Rxa8 Qxa8 29. Nb4 Bc4 30. Qd7 N8c7 31. g5 Qd8 32. Qd6 Nb5 33. Qxd8+ Nxd8
34. gxf6 gxf6 35. Nd5 Kg7 36. Kf1 f5 37. Bg5 Nc6 38. Ne7 Nbd4 39. Bxc6 bxc6 40.
Be3 Bxe2+ 41. Ke1 Kf7 42. Bxd4 Kxe7 43. Bxe5 1/2-1/2

[Event "Elit(Vasteras-LASK)"]
[Site "?"]
[Date "2023.03.11"]
[Round "8"]
[White "Holm, Kristian Stuvik"]
[Black "Landgren, Andreas"]
[Result "1-0"]
[WhiteElo "2480"]
[BlackElo "2236"]
[PlyCount "85"]
[SourceVersionDate "2023.03.23"]

1. e4 c5 2. Nc3 d6 3. Nf3 Nf6 4. d4 cxd4 5. Nxd4 a6 6. Bd3 g6 7. f3 Bg7 8. Be3
Nc6 9. Qd2 O-O 10. O-O-O d5 11. Nxc6 bxc6 12. Bh6 dxe4 13. Bxg7 Kxg7 14. Nxe4
Qd5 15. b3 Bf5 16. Nxf6 exf6 17. Qc3 Bxd3 18. Rxd3 Qg5+ 19. Qd2 Qe5 20. Kb1
Rfe8 21. g3 Re6 22. f4 Qe4 23. Rd1 h5 24. h4 Qf5 25. Qc3 Rae8 26. a4 a5 27. Kb2
R8e7 28. Rd6 Re3 29. R1d3 Rxd3 30. Rxd3 Re6 31. Rd7 Re2 32. Rc7 Re6 33. Rxc6
Rxc6 34. Qxc6 g5 35. Qb5 Qg4 36. fxg5 Qxg3 37. gxf6+ Kg6 38. Qd3+ Qxd3 39. cxd3
Kxf6 40. b4 Ke5 41. bxa5 Kd5 42. Kc3 f5 43. Kd2 1-0

[Event "Elit(Farsta-Limhamn)"]
[Site "?"]
[Date "2023.03.11"]
[Round "8"]
[White "Haubro, Martin"]
[Black "Lindeman, Sven"]
[Result "1-0"]
[WhiteElo "2395"]
[BlackElo "2160"]
[PlyCount "97"]
[SourceVersionDate "2023.03.26"]

1. e4 e5 2. Nf3 Nc6 3. Bb5 a6 4. Ba4 Nf6 5. O-O Be7 6. d3 b5 7. Bb3 d6 8. c3
O-O 9. a4 Rb8 10. Nbd2 Be6 11. Bc2 d5 12. exd5 Bxd5 13. Re1 Bd6 14. b4 Re8 15.
Ne4 Nxe4 16. dxe4 Bc4 17. Be3 Qd7 18. Nd2 Be6 19. Nb3 Qc8 20. Nc5 Bg4 21. f3
Bxc5 22. Bxc5 Be6 23. Bd3 Ne7 24. Qe2 Ng6 25. g3 c6 26. c4 bxc4 27. Bxc4 Bxc4
28. Qxc4 Rd8 29. Red1 Qb7 30. Rd3 Rxd3 31. Qxd3 Nf8 32. Rd1 h6 33. Qd6 Re8 34.
Bf2 Ng6 35. Qd7 Qa8 36. Rc1 Re6 37. Rc5 Rf6 38. Kg2 Nf8 39. Qe7 Kh7 40. Ra5 Ng6
41. Qc7 Qf8 42. Rxa6 Qxb4 43. Rxc6 Rxc6 44. Qxc6 h5 45. h4 Qd2 46. Qd5 Qc2 47.
a5 f6 48. a6 Ne7 49. Qf7 1-0

[Event "Elit(Wasa-Eksjo)"]
[Site "?"]
[Date "2023.03.11"]
[Round "8"]
[White "Wessman, Richard"]
[Black "Vernersson, Per"]
[Result "1-0"]
[WhiteElo "2412"]
[BlackElo "2262"]
[PlyCount "103"]
[SourceVersionDate "2023.03.22"]

1. d4 d5 2. c4 e6 3. Nc3 Nf6 4. Nf3 Be7 5. g3 O-O 6. Bg2 c6 7. O-O Nbd7 8. b3
b6 9. Bb2 Bb7 10. Qc2 Qc7 11. Rad1 Rac8 12. e4 dxe4 13. Nxe4 Nxe4 14. Qxe4 c5
15. Qe2 cxd4 16. Nxd4 Bxg2 17. Kxg2 Rfd8 18. Qf3 a6 19. Ne2 Bf6 20. Bxf6 Nxf6
21. Nf4 h6 22. Nh5 Nxh5 23. Qxh5 Qc6+ 24. Qf3 Qxf3+ 25. Kxf3 Kf8 26. Ke3 Ke7
27. Rxd8 Rxd8 28. Rc1 f5 29. c5 bxc5 30. Rxc5 Rd6 31. b4 Kf6 32. a4 e5 33. b5
axb5 34. axb5 Rd1 35. Rc6+ Kf7 36. b6 Rb1 37. Kd3 Rf1 38. b7 Rb1 39. Rc7+ Kf6
40. h4 g5 41. h5 g4 42. Kc4 Kg5 43. Kd5 e4 44. Rg7+ Kxh5 45. Kc6 Rc1+ 46. Kd7
Rb1 47. Kc8 Rc1+ 48. Rc7 Rb1 49. b8=Q Rxb8+ 50. Kxb8 Kg5 51. Rc5 h5 52. Kc7 1-0

[Event "Elit(Vasteras-LASK)"]
[Site "?"]
[Date "2023.03.11"]
[Round "8"]
[White "Janse, Love"]
[Black "Smith, Axel"]
[Result "0-1"]
[WhiteElo "2200"]
[BlackElo "2398"]
[PlyCount "86"]
[SourceVersionDate "2023.03.23"]

1. e4 c5 2. Nc3 a6 3. f4 b5 4. g3 Bb7 5. Bg2 e6 6. d3 d5 7. f5 d4 8. fxe6 fxe6
9. Nce2 e5 10. Nf3 Bd6 11. O-O Nf6 12. Nh4 O-O 13. Nf5 Nc6 14. Bg5 h6 15. Bd2
Ne7 16. g4 Nxf5 17. gxf5 c4 18. Ng3 Rc8 19. Rc1 c3 20. bxc3 dxc3 21. Be3 Bc5
22. Bxc5 Rxc5 23. Nh5 b4 24. Nxf6+ Rxf6 25. Rf3 Bc6 26. Ra1 Be8 27. Rg3 a5 28.
Bf3 a4 29. Kh1 Rc7 30. Rb1 Rb6 31. Bh5 b3 32. axb3 axb3 33. Qg1 Rbb7 34. Bxe8
bxc2 35. Rc1 Qxe8 36. Rxc2 Qb8 37. Rc1 Qd8 38. Qe1 c2 39. Qd2 Rb1 40. Qxh6
Rxc1+ 41. Qxc1 Rc3 42. Rg1 Qxd3 43. Re1 Rb3 0-1

[Event "Elit(Farsta-Limhamn)"]
[Site "?"]
[Date "2023.03.11"]
[Round "8"]
[White "Lagerborg, Krister"]
[Black "Schneider, Stefan"]
[Result "0-1"]
[WhiteElo "2099"]
[BlackElo "2372"]
[PlyCount "84"]
[SourceVersionDate "2023.03.26"]

1. e4 c6 2. d3 d5 3. Nd2 e5 4. g3 Nf6 5. Bg2 Bd6 6. Ngf3 O-O 7. O-O Re8 8. c3
a5 9. a4 Na6 10. Re1 Bg4 11. Qc2 h6 12. Nf1 Nc5 13. h3 Be6 14. N3d2 dxe4 15.
dxe4 Bc7 16. Ne3 Qd7 17. Kh2 Nd3 18. Re2 Nf4 19. gxf4 exf4 20. Nf3 fxe3+ 21. e5
Bf5 22. Qb3 exf2 23. Rxf2 Ne4 24. Rf1 Nc5 25. Qc4 Nd3 26. Kh1 Bxh3 27. Be3 Qg4
28. Qxg4 Bxg4 29. b4 axb4 30. cxb4 Nxb4 31. Rab1 Nd5 32. Bc5 b6 33. Bd6 Bxd6
34. exd6 Rxa4 35. Rfc1 Bd7 36. Nd2 Rd4 37. Nc4 b5 38. Na5 Nf4 39. Bxc6 Rxd6 40.
Rxb5 Bxc6+ 41. Nxc6 Ne2 42. Rcc5 Rxc6 0-1

[Event "Elit(Wasa-Eksjo)"]
[Site "?"]
[Date "2023.03.11"]
[Round "8"]
[White "Johnson, Bjorn"]
[Black "Bellon Lopez, Juan"]
[Result "0-1"]
[WhiteElo "2206"]
[BlackElo "2314"]
[PlyCount "46"]
[SourceVersionDate "2023.03.22"]

1. f4 d5 2. Nf3 g6 3. e3 Bg7 4. d4 Nh6 5. Bd3 c5 6. c3 Qc7 7. O-O O-O 8. h3 Nf5
9. g4 Nd6 10. Nbd2 b6 11. Rf2 a5 12. Ne5 f6 13. Nxg6 hxg6 14. Bxg6 e5 15. h4
cxd4 16. exd4 exd4 17. Nb3 Nc6 18. Nxd4 Nxd4 19. Qxd4 Qc5 20. Qd3 Bxg4 21. Be3
Qc4 22. Bh7+ Kh8 23. Qg6 Bf5 0-1

[Event "Elit(Vasteras-LASK)"]
[Site "?"]
[Date "2023.03.11"]
[Round "8"]
[White "Ahlander, Bjorn"]
[Black "Eriksson, Anders"]
[Result "1-0"]
[WhiteElo "2413"]
[BlackElo "2166"]
[PlyCount "63"]
[EventDate "2023.??.??"]
[SourceVersionDate "2023.03.23"]

1. e4 c6 2. d4 d5 3. e5 Bf5 4. h4 h5 5. c4 e6 6. Nc3 Ne7 7. Nge2 dxc4 8. Ng3
Bd3 9. Bxd3 cxd3 10. Qxd3 Nd7 11. Qe2 Nd5 12. Nge4 N7b6 13. Bg5 Nxc3 14. bxc3
Qd5 15. Rb1 Rb8 16. O-O Qc4 17. Qf3 Qd5 18. Rb3 Nc4 19. Qe2 Na5 20. Rbb1 Qc4
21. Qc2 Qa6 22. Nd2 b5 23. Qd3 Qc8 24. c4 a6 25. d5 exd5 26. cxd5 cxd5 27. e6
fxe6 28. Qg6+ Kd7 29. Qf7+ Kc6 30. Rfe1 Bd6 31. Rxe6 Qd7 32. Qg6 1-0

[Event "Elit(Farsta-Limhamn)"]
[Site "?"]
[Date "2023.03.11"]
[Round "8"]
[White "Domingo Nunez, Ruben"]
[Black "Stavenberg, Karl"]
[Result "1-0"]
[WhiteElo "2380"]
[BlackElo "2122"]
[PlyCount "71"]
[EventDate "2023.??.??"]
[SourceVersionDate "2023.03.26"]

1. e4 e5 2. Nf3 Nf6 3. Nxe5 d6 4. Nf3 Nxe4 5. d4 d5 6. Bd3 Bd6 7. O-O O-O 8. c4
c6 9. Nc3 Nxc3 10. bxc3 dxc4 11. Bxc4 Bf5 12. Bg5 Qa5 13. Qb3 Bg4 14. Bh4 Bxf3
15. gxf3 b5 16. Bd3 Nd7 17. a4 bxa4 18. Qc2 g6 19. Rxa4 Qc7 20. Bg3 Nb6 21. Ra5
Nd5 22. Rfa1 Nf4 23. Bf1 Rfe8 24. Qa4 h5 25. Ra6 Qe7 26. Qxc6 Rad8 27. Rxa7 Qf6
28. Rd7 Rxd7 29. Qxd7 Rd8 30. Qc6 h4 31. Ra7 hxg3 32. hxg3 Ne6 33. Bc4 Kg7 34.
Qb6 Rc8 35. Bd5 Rxc3 36. Qxd6 1-0

[Event "Elit(Wasa-Eksjo)"]
[Site "?"]
[Date "2023.03.11"]
[Round "8"]
[White "Cramling, Dan"]
[Black "Thornert, Hakan"]
[Result "1-0"]
[WhiteElo "2293"]
[BlackElo "2170"]
[PlyCount "179"]
[SourceVersionDate "2023.03.22"]

1. d4 Nf6 2. c4 g6 3. Nc3 d5 4. cxd5 Nxd5 5. e4 Nxc3 6. bxc3 Bg7 7. Bg5 c5 8.
Rc1 Qa5 9. Qd2 h6 10. Be3 cxd4 11. cxd4 Qxd2+ 12. Bxd2 O-O 13. Nf3 Rd8 14. Bc4
e6 15. O-O Nc6 16. d5 exd5 17. exd5 Ne7 18. Rfe1 Nf5 19. Bf4 Bd7 20. g4 Nd4 21.
Nxd4 Bxd4 22. Bxh6 Re8 23. Be2 b5 24. Bf3 b4 25. Rxe8+ Bxe8 26. Rc4 Bc3 27. Be3
a5 28. Rc7 Bb5 29. d6 Rd8 30. Bc6 Bxc6 31. Rxc6 Be5 32. Bc5 Kf8 33. Ra6 Ke8 34.
Kg2 Kd7 35. Rxa5 Bxd6 36. Ra7+ Kc6 37. Bxd6 Kxd6 38. Rxf7 Ra8 39. Rf6+ Kc5 40.
Rxg6 Rxa2 41. Rg8 Ra6 42. Rc8+ Rc6 43. Rb8 Rb6 44. Rxb6 Kxb6 45. g5 b3 46. g6
b2 47. g7 b1=Q 48. g8=Q Qe4+ 49. Kg3 Qe5+ 50. Kh3 Qf5+ 51. Kg2 Qe4+ 52. f3 Qe2+
53. Kg3 Qe5+ 54. Kh3 Qf5+ 55. Qg4 Qh7+ 56. Kg2 Qc2+ 57. Kg3 Qc7+ 58. Qf4 Qg7+
59. Kh4 Qh8+ 60. Kg5 Qg7+ 61. Kh5 Qd7 62. h4 Qd8 63. Kg4 Qd7+ 64. Kg3 Qg7+ 65.
Kh3 Qd7+ 66. Qg4 Qd1 67. Qe4 Qd7+ 68. Kg3 Qg7+ 69. Qg4 Qe5+ 70. Qf4 Qe1+ 71.
Kg4 Qe6+ 72. Qf5 Qe3 73. h5 Qg1+ 74. Kh4 Qe1+ 75. Kg5 Qc1+ 76. Kg6 Qg1+ 77. Qg5
Qb1+ 78. Kg7 Ka7 79. Qe7+ Kb8 80. f4 Qd1 81. Qe5+ Ka8 82. Qe8+ Kb7 83. f5 Qg4+
84. Qg6 Qd4+ 85. f6 Ka6 86. h6 Ka5 87. h7 Qd7+ 88. f7 Qd4+ 89. Kg8 Qd8+ 90.
f8=Q 1-0

[Event "Elit(Vasteras-LASK)"]
[Site "?"]
[Date "2023.03.11"]
[Round "8"]
[White "Jonsson, Mikael"]
[Black "Mauritsson, Sebastian"]
[Result "0-1"]
[WhiteElo "2198"]
[BlackElo "2391"]
[PlyCount "88"]
[SourceVersionDate "2023.03.23"]

1. e4 c5 2. Nf3 d6 3. d4 cxd4 4. Nxd4 Nf6 5. Nc3 a6 6. Bg5 Nbd7 7. Bc4 Qb6 8.
Bb3 e6 9. Qd2 Be7 10. O-O-O Nc5 11. f3 Bd7 12. g4 Qc7 13. h4 b5 14. Bxf6 gxf6
15. Bd5 Rb8 16. a3 a5 17. b4 axb4 18. axb4 Na6 19. Bb3 Nxb4 20. Nd5 Nxd5 21.
exd5 e5 22. Nc6 Ra8 23. Kb2 Bd8 24. Ra1 Rxa1 25. Rxa1 Bxc6 26. dxc6 Qxc6 27.
Ra7 O-O 28. Qd5 Qxd5 29. Bxd5 f5 30. h5 fxg4 31. fxg4 Kg7 32. Rd7 Kf6 33. Rxd6+
Kg5 34. Rd7 Kxg4 35. Bxf7 e4 36. Kc3 Kf3 37. Bd5 h6 38. Rd6 Bf6+ 39. Kd2 b4 40.
Kd1 Bc3 41. Rd7 Ke3 42. Rf7 Rd8 43. Rf5 Rd6 44. Kc1 Ra6 0-1

[Event "Elit(Farsta-Limhamn)"]
[Site "?"]
[Date "2023.03.11"]
[Round "8"]
[White "Wieweg, Johnny"]
[Black "Lindgren, Philip"]
[Result "0-1"]
[WhiteElo "2066"]
[BlackElo "2382"]
[PlyCount "82"]
[SourceVersionDate "2023.03.26"]

1. e4 c6 2. d4 d5 3. f3 e6 4. Nc3 Bb4 5. Bd2 b6 6. Nh3 e5 7. Bg5 f6 8. Be3 exd4
9. Bxd4 c5 10. Bf2 d4 11. a3 Ba5 12. b4 cxb4 13. Bb5+ Bd7 14. Bxd7+ Qxd7 15.
Nd5 bxa3+ 16. Kf1 Ne7 17. Nxe7 Qxe7 18. Nf4 Nc6 19. Nd5 Qc5 20. Qd3 Nb4 21.
Nxb4 Bxb4 22. Bxd4 Qc6 23. Ke2 Rc8 24. c3 Be7 25. Rhb1 O-O 26. Rb5 Rfd8 27. Rh5
h6 28. Qb5 Qc4+ 29. Qxc4+ Rxc4 30. Kd3 Rc5 31. Rh3 Rb5 32. f4 Rb2 33. Rg3 Kf7
34. Ke3 a5 35. e5 b5 36. Ke4 Rb3 37. Kf5 b4 38. Rxg7+ Kxg7 39. exf6+ Kf7 40.
fxe7 Rd5+ 41. Ke4 Rd7 0-1

[Event "Elit(Kungstornet-Helsingborg)"]
[Site "?"]
[Date "2023.03.11"]
[Round "8"]
[White "Kristensen, Kaare Hove"]
[Black "Eriksson, Johan"]
[Result "0-1"]
[WhiteElo "2218"]
[BlackElo "2397"]
[PlyCount "74"]
[EventDate "2023.??.??"]
[SourceVersionDate "2023.03.22"]

1. e4 c5 2. Nf3 d6 3. d4 cxd4 4. Nxd4 Nf6 5. Nc3 Nc6 6. Bc4 Qb6 7. Nb3 e6 8. f4
Be7 9. Qe2 O-O 10. Be3 Qc7 11. g4 Nxe4 12. Nxe4 d5 13. Bd3 dxe4 14. Bxe4 Bh4+
15. Kf1 f5 16. gxf5 exf5 17. Bd5+ Kh8 18. c3 Ne7 19. Bf3 Ng6 20. Qd2 Be6 21.
Rg1 Rae8 22. Nd4 Bc4+ 23. Kg2 Bf6 24. Kf2 Rxe3 25. Qxe3 Nxf4 26. b3 Bh4+ 27.
Rg3 Nd3+ 28. Kg2 f4 29. Qe4 Nc5 30. Rh3 Nxe4 31. Bxe4 Qe5 32. Bf3 Be1 33. Rxe1
Qxe1 34. bxc4 Qxc3 35. Ne6 Qd2+ 36. Kf1 Qd3+ 37. Kg2 Qg6+ 0-1

[Event "Elit(Stockholms SS-Rockaden, Stockholm)"]
[Site "?"]
[Date "2023.03.11"]
[Round "8"]
[White "Neiksans, Arturs"]
[Black "Olund, Joar"]
[Result "1-0"]
[WhiteElo "2606"]
[BlackElo "2406"]
[PlyCount "121"]
[SourceVersionDate "2023.03.25"]

1. e4 c6 2. Nf3 d5 3. d3 Qc7 4. Nc3 dxe4 5. Nxe4 Nf6 6. Qe2 Nxe4 7. Qxe4 Nd7 8.
Bd2 Nf6 9. Qe2 Bg4 10. O-O-O e6 11. h3 Bxf3 12. Qxf3 Bd6 13. d4 O-O-O 14. Bc4
Kb8 15. Bb3 Ka8 16. Kb1 a6 17. Rhe1 c5 18. dxc5 Bxc5 19. Bg5 Rxd1+ 20. Rxd1 Rd8
21. Rxd8+ Qxd8 22. c3 Qd6 23. Bf4 Qc6 24. Qd3 Qe4 25. Qxe4 Nxe4 26. Bc2 Nf6 27.
Be5 h6 28. f3 Ne8 29. b4 Bd6 30. Bd4 Be7 31. Kb2 Bf6 32. Bb6 Kb8 33. Kb3 Kc8
34. c4 Kd7 35. Bd3 Nd6 36. Be3 Bg5 37. f4 Bh4 38. c5 Nc8 39. Be4 Kc7 40. a4 Ne7
41. Bd4 f5 42. Be5+ Kc8 43. Bf3 Bg3 44. Bxg7 Bxf4 45. Bc3 Ng6 46. Be1 Ne5 47.
Be2 Nc6 48. Bd1 Be3 49. Bc3 Bd4 50. Bd2 Bg7 51. b5 axb5 52. axb5 Nb8 53. Kb4
Nd7 54. Bb3 e5 55. Be6 Bf8 56. Kc4 Kc7 57. Ba5+ b6 58. Bxd7 bxa5 59. Bxf5 a4
60. b6+ Kb7 61. Kb5 1-0

[Event "Elit(Kungstornet-Helsingborg)"]
[Site "?"]
[Date "2023.03.11"]
[Round "8"]
[White "Cicak, Slavko"]
[Black "Semcesen, Daniel"]
[Result "0-1"]
[WhiteElo "2485"]
[BlackElo "2462"]
[PlyCount "132"]
[SourceVersionDate "2023.03.22"]

1. e4 e5 2. Nf3 Nc6 3. Bb5 a6 4. Ba4 Nf6 5. d3 Bc5 6. c3 d6 7. Bg5 h6 8. Bh4
Ba7 9. Nbd2 Bd7 10. Nf1 g5 11. Bg3 h5 12. h4 g4 13. N3h2 Qe7 14. Qd2 d5 15. f3
O-O-O 16. Bf2 gxf3 17. gxf3 d4 18. Bxc6 Bxc6 19. c4 Bc5 20. a3 Qe6 21. Ng3 Bf8
22. Nf5 Ng8 23. Nf1 Ne7 24. N1g3 Ng6 25. O-O-O Ba4 26. Rdg1 b5 27. Qa5 Qc6 28.
Kb1 bxc4 29. dxc4 Bb3 30. Rc1 Qb6 31. Qd2 Kb7 32. Ne2 Bc5 33. Ka1 Ka8 34. Qd3
Rd7 35. Rb1 Rb8 36. Nc1 c6 37. Be1 Nf4 38. Qxb3 Qxb3 39. Nxb3 Rxb3 40. Ka2 Rxf3
41. Rg1 d3 42. Rg8+ Kb7 43. Bc3 f6 44. Rd1 Nh3 45. Rg7 Rxg7 46. Nxg7 Nf2 47.
Rf1 Be3 48. Be1 d2 49. Bxf2 Bxf2 50. Rd1 Be1 51. Nxh5 f5 52. Nf6 f4 53. Ng4 Rh3
54. Nxe5 Kc7 55. c5 f3 56. Nd3 f2 57. Nxf2 Bxf2 58. Rxd2 Bxc5 59. Rg2 Rxh4 60.
Rg7+ Kb6 61. b4 Bd6 62. Rd7 Be5 63. Re7 Rxe4 64. a4 a5 65. bxa5+ Kxa5 66. Ra7+
Kb6 0-1